فرحانة تتشاجر مع صديقتها / (رقم التسجيلة. 107285)

تفاصيل مارك
000 -LEADER
fixed length control field 00580nam a22001937a 4500
005 - DATE AND TIME OF LATEST TRANSACTION
control field 20251108173558.0
008 - FIXED-LENGTH DATA ELEMENTS--GENERAL INFORMATION
fixed length control field 250721s2003 xx 000 0 ara d
082 14 - DEWEY DECIMAL CLASSIFICATION NUMBER
Classification number ط/ق/أمي
100 1# - MAIN ENTRY--PERSONAL NAME
Personal name أمين، رانية حسن
245 10 - TITLE STATEMENT
Title فرحانة تتشاجر مع صديقتها /
264 1# - PRODUCTION, PUBLICATION, DISTRIBUTION, MANUFACTURE, AND COPYRIGHT NOTICE
Place of production, publication, distribution, manufacture القاهره :
Name of producer, publisher, distributor, manufacturer دار الياس العصرية،
Date of production, publication, distribution, manufacture, or copyright notice 2003.
300 ## - PHYSICAL DESCRIPTION
Extent 12ص
490 0# - SERIES STATEMENT
Series statement فرحانة
650 17 - SUBJECT ADDED ENTRY--TOPICAL TERM
Topical term or geographic name as entry element القصص
650 17 - SUBJECT ADDED ENTRY--TOPICAL TERM
Topical term or geographic name as entry element الاطفال
653 ## - INDEX TERM--UNCONTROLLED
Uncontrolled term اطفال ما قبل المدرسه (0-5) سنوات
942 ## - ADDED ENTRY ELEMENTS (KOHA)
Source of classification or shelving scheme Dewey Decimal Classification
Koha item type كتب
المقتنيات
حالة السحب حالة الفقدان مصدر التصنيف حالة التلف غير قابل للإعارة المكتبة الرئيسية المكتبة الحالية موقع الرف تاريخ التزويد الرقم المتسلسل Total Checkouts رقم الإستدعاء الباركود تاريخ آخر ظهور تاريخ الفاتورة نوع المادة (كوها)
    Dewey Decimal Classification     مكتبة الراية الهاشمية للأطفال مكتبة الراية الهاشمية للأطفال الأطفال 28/07/2025 1102051   ط/ق/أمي 1102051 28/07/2025 28/07/2025 كتب
    Dewey Decimal Classification     مكتبة بدر للأطفال مكتبة بدر للأطفال الأطفال 28/07/2025 1102054   ط/ق/أمي 1102054 28/07/2025 28/07/2025 كتب
Implemented & Customized by: BBB with SCIT (Smart Chains for Information Technology)

Powered by Koha